El momento de la verdad
Gardado en:
| Autor Principal: | |
|---|---|
| Formato: | Libro |
| Idioma: | Lingua castelá |
| Publicado: |
Madrid
Díaz de Santos
1991
|
| Subjects: | |
| Tags: |
Engadir etiqueta
Sen Etiquetas, Sexa o primeiro en etiquetar este rexistro!
|
MARC
| LEADER | 00000nam a2200000 a 4500 | ||
|---|---|---|---|
| 001 | UCR5945 | ||
| 003 | CL-VaPUC | ||
| 008 | 980403e19910000SP |||||||||||||||||spa|d | ||
| 082 | 0 | 4 | |a 658.406 |b CAR |2 21 |
| 100 | 0 | |a Carlzon, Jan |e author |9 406932 | |
| 245 | 1 | 3 | |a El momento de la verdad |
| 300 | |a 158 p | ||
| 942 | |c BK | ||
| 945 | |d 19980403 00:00:00 |a rleighto | ||
| 260 | |a Madrid |b Díaz de Santos |c 1991 | ||
| 650 | 0 | |a Cambio organizacional |9 260741 | |
| 650 | 0 | |a Empresas |9 255569 | |
| 650 | 0 | |a Administración de empresas |9 260833 | |
| 650 | 7 | |a ESTRATEGIAS DE DESARROLLO |2 CL-VaPUC |9 406933 | |
| 650 | 0 | |a Recursos humanos |9 228420 | |
| 583 | |a last modification |c 19980403 00:00:00 |k Rodrigo Vera | ||
| 999 | |c 268285 |d 268283 | ||
| 952 | |0 0 |1 0 |4 0 |6 658_406000000000000_CAR_1991 |7 0 |8 A |9 301293 |a BIBENE |b BIBENE |d 2019-11-20 |i 3407896 |o 658.406 CAR 1991 |p 3407896 |r 2025-01-15 |w 2019-11-20 |y BK |k ICO | ||